00788nam a2200217 a 45000010008000000030004000080050017000120080041000290100017000700200032000870400018001190430012001370820021001492450148001702600031003183000025003494400060003745040026004346500038004607100072004983776231OSt20230605092759.0830617s1983 enk b f000 0 eng  a 83162470  a011701043X (pbk.) :c£3.l5 aDLCcDLCdDLC ae-uk---00a324.210219bCOJ00aOrganisation of political parties in Britain /c[prepared by Reference Services, Publications Division, Central Office of Information, London]. aLondon :bH.M.S.O.,c1983. a32, [1] p. ;c21 cm. 0aCentral Office of Information reference pamphlet ;v178 aBibliography: p. [33] 0aPolitical partieszGreat Britain.1 aGreat Britain.bCentral Office of Information.bReference Services.